01677nam a2200289 a 4500001001000000005001700010008004100027041000800068044000700076084002200083100004500105245012500150260005700275300002200332500034100354500006800695500022700763500006300990500001001053546002501063650005201088650005801140650003401198650004501232700006001277740005001337BRCA_305420190320204104.0230109s1782----be-a---###---#000-0#fre-u afre afr a360b.B3776c17821 aCervantes Saavedra, Miguel ded1547-161610aHistorie de l´Admirable Don Quichotte de la ManchecMiguel de Cervantes Saavedra ; Traduit par Filleau de Saint-Martin. aLieja (Bélgica)bJean-Francoise Bassompierrec1782 a6 v.bil.c16 cm. aContenido : v 1. Primera parte. Advertencia del traductor. Dedicatoria a D. Quijote. Composición dirigida al lector. Texto. -- v 2. Texto. -- v 3. Segunda parte. Texto. -- v 4. Texto. -- v 5. Primera parte de la continuación escrita por el traductor. Texto. -- v 6. Segunda parte de la continuación escrita por el traductor. Texto aEdición : Nouvelle edition revueé corrigée et augmentée aReimpresión de las ediciones del mismo editor, publicadas en 1768 y 1773. Las láminas arregladas por Julien y grabadas por Jourdan, son malas. Edición económica, en rústica, impresa con pulcritud Lúdovik Osterc aEstado físico : Es necesaria una recuperación física aQM282 aTexto en : francés14aNovela españolayÉpoca clásica, 1500-170014aLiteratura èspañolayÉpoca clásica, 1500-170014aNovela españolaySiglo XVII14aDon Quijote (Personaje ficticio)eNovela1 aSaint-Martin, Francois Filleau ded1632-1695eTraductor0 aEl Ingenioso Hidalgo Don Quijote de la Mancha